00309 a2200133 4500003000500000005001700005040000900022082001100031100001800042245002600060260004300086300001300129538003300142Nust20170207154115.0 cNust a954.92 aMatiur Rahman aDialogue on Bangldesh aLahorebNational Book Foundationc1971 a32 pages aAlmirah No.57 and Shelf No.3